[Event "Jesenik op-B"]
[Site "Jesenik"]
[Date "2024.08.20"]
[Round "4"]
[White "Grepl, Lukas"]
[Black "Magura, Jan"]
[Result "1-0"]
[WhiteElo "1925"]
[BlackElo "1807"]
[PlyCount "43"]
[EventDate "2024.08.17"]
[EventType "swiss"]
[EventRounds "9"]
[EventCountry "CZE"]
[SourceTitle "EXT 2025"]
[Source "ChessBase"]
[SourceDate "2024.10.14"]
[SourceVersion "1"]
[SourceVersionDate "2024.10.14"]
[SourceQuality "1"]

1. e4 d6 2. d4 Nf6 3. Nc3 c6 4. Nf3 Bg4 5. h3 Bh5 6. Be2 e6 7. Be3 Be7 8. Qd2 Bxf3 9. Bxf3 d5 10. e5 Nfd7 11. Ne2 c5 12. c4 cxd4 13. Bxd4 Nc6 14. cxd5 Ncxe5 15. dxe6 Nxf3+ 16. gxf3 Nf6 17. Rg1 Nh5 18. Nf4 Bg5 19. Rxg5 Qxg5 20. Nxh5 Qxh5 21. Bxg7 Rg8 22. Qd7# 1-0

[Event "Jesenik op-B"]
[Site "Jesenik"]
[Date "2024.08.19"]
[Round "3"]
[White "Skalka, Josef"]
[Black "Grepl, Lukas"]
[Result "0-1"]
[WhiteElo "1707"]
[BlackElo "1925"]
[PlyCount "54"]
[EventDate "2024.08.17"]
[EventType "swiss"]
[EventRounds "9"]
[EventCountry "CZE"]
[SourceTitle "EXT 2025"]
[Source "ChessBase"]
[SourceDate "2024.10.14"]
[SourceVersion "1"]
[SourceVersionDate "2024.10.14"]
[SourceQuality "1"]

1. e4 d5 2. exd5 Nf6 3. d4 Nxd5 4. Nf3 g6 5. Be2 Bg7 6. c3 0-0 7. 0-0 Nd7 8. Nbd2 b6 9. Ne4 Bb7 10. Ng3 e5 11. dxe5 Nxe5 12. Nxe5 Bxe5 13. Bf3 c6 14. Qa4 Qc7 15. Bxd5 cxd5 16. f4 Qc5+ 17. Kh1 Bd6 18. Re1 b5 19. Qd1 Qc6 20. Qf3 Rfe8 21. Rxe8+ Rxe8 22. Bd2 Qc7 23. h4 d4 24. Qf2 dxc3 25. bxc3 Qe7 26. Nf1 Qe2 27. Kg1 Bc5 0-1

[Event "Jesenik op-B"]
[Site "Jesenik"]
[Date "2024.08.17"]
[Round "1"]
[White "Ondrackova, Veronika"]
[Black "Grepl, Lukas"]
[Result "0-1"]
[WhiteElo "1642"]
[BlackElo "1925"]
[PlyCount "118"]
[EventDate "2024.08.17"]
[EventType "swiss"]
[EventRounds "9"]
[EventCountry "CZE"]
[SourceTitle "EXT 2025"]
[Source "ChessBase"]
[SourceDate "2024.10.14"]
[SourceVersion "1"]
[SourceVersionDate "2024.10.14"]
[SourceQuality "1"]

1. e4 d5 2. exd5 Nf6 3. d4 Nxd5 4. Nf3 Bg4 5. Be2 e6 6. 0-0 Be7 7. c4 Nf6 8. Nc3 c6 9. Be3 0-0 10. h3 Bh5 11. Rc1 Qa5 12. Qb3 Qb4 13. Qxb4 Bxb4 14. Rfd1 Nbd7 15. a3 Bxc3 16. Rxc3 Rfd8 17. Bf4 Nb6 18. Rb3 Rd7 19. Rc3 Rad8 20. Be3 c5 21. d5 exd5 22. cxd5 Nfxd5 23. Rxc5 Bxf3 24. Bxf3 Nxe3 25. Rxd7 Nxd7 26. Rc7 Nf5 27. Rxb7 Ne5 28. Be2 g6 29. b4 Nd4 30. Ba6 Rd7 31. Rb8+ Kg7 32. Re8 f6 33. Bc8 Rc7 34. Ba6 Nc2 35. f4 Nf7 36. Rb8 Nxa3 37. Kf2 Nd6 38. Rd8 Nac4 39. Kf3 Kf7 40. Rh8 Ke6 41. Rd8 Rc6 42. b5 Rc7 43. Rb8 Nb6 44. Rh8 Kd5 45. Rf8 f5 46. Rd8 Kc5 47. Kf2 Nxb5 48. Rd1 Nc3 49. Rc1 Kb4 50. Ra1 Ne4+ 51. Kf1 Nc3 52. Kf2 Nba4 53. Kf1 Nc5 54. Kf2 Nxa6 55. Rxa6 Kb5 56. Ra1 a5 57. Ke3 Kb4 58. g4 a4 59. Kd2 Kb3 0-1